000 00564nam a2200169Ia 4500
003 GCL
008 140319s9999 xx 000 0 ara d
040 _aGCL /
_cGCL
082 0 4 _a551.1
_bم ا
100 1 _aمحمود توفيق سالم
245 1 0 _aاساسيات الجيولوجيا الهندسية وتمارين على الخرائط الجيولوجية /
_cمحمود توفيق سالم
260 _a[S.N] :
_bدار الراتب الجامعية ،
_c1985
300 _a372 ص
490 _a
650 0 4 _aالجيولوجيا
942 _2ddc
_cBK
999 _c57639
_d57639